00454nam a2200193Ia 4500003000900000008004100009040001300050040001300063041000800076100002000084245004100104250001200145260001200157260000900169300001100178300001000189490005500199490000600254IT-RoPAU120407s9999 xx 000 0 und d aIT-RoPAU cIT-RoPAU aita aRobert M. Grant aCristianesimo primitivo e società. aBrescia aPaideia c1987 a209 p. c23 cm aBibl. di storia e storiografia dei tempi biblici,5 v1